[Event "21st Capablanca Memorial group B"]
[Site "Havana CUB"]
[Date "1986.06.03"]
[Round "12"]
[White "Moran Nuque, Bernardo"]
[Black "Pecorelli Garcia, Humberto"]
[Result "1/2-1/2"]
[WhiteElo "2420"]
[BlackElo "2420"]
[EventDate "1986.05.20"]
[PlyCount "22"]

1.e4 e5 2.Nf3 Nf6 3.Nxe5 d6 4.Nf3 Nxe4 5.d4 d5 6.Bd3 Be7 7.O-O O-O 8.c4 
Nf6 9.Nc3 dxc4 10.Bxc4 Nbd7 11.h3 Nb6 1/2-1/2

[Event "21st Capablanca Memorial group B"]
[Site "Havana CUB"]
[Date "1986.06.03"]
[Round "12"]
[White "Otero, Evelio"]
[Black "Pigusov, Evgeny"]
[Result "0-1"]
[WhiteElo "2390"]
[BlackElo "2495"]
[EventDate "1986.05.20"]
[PlyCount "74"]

1.d4 Nf6 2.c4 e6 3.Nf3 b6 4.g3 Ba6 5.Nbd2 d5 6.Bg2 Be7 7.O-O O-O 8.Qc2 Bb7
9.Ne5 c5 10.cxd5 exd5 11.b3 Na6 12.Bb2 Rc8 13.Rac1 Re8 14.Qb1 Bd6 15.e3 
Nc7 16.Ndc4 Bf8 17.dxc5 bxc5 18.Na5 Ba8 19.Rfd1 Nb5 20.Nac4 Qc7 21.a4 dxc4
22.axb5 Bxg2 23.Kxg2 c3 24.Bxc3 Rxe5 25.Bxe5 Qxe5 26.Qd3 Qc7 27.e4 Qb8 28.
Ra1 Be7 29.Qc4 Qb7 30.f3 h5 31.h4 Bd8 32.Rd6 Bc7 33.Rd3 Qb8 34.f4 Qb7 35.
Kg1 Qxe4 36.Qxe4 Nxe4 37.Rxa7 Bb6 0-1

[Event "21st Capablanca Memorial group B"]
[Site "Havana CUB"]
[Date "1986.06.03"]
[Round "12"]
[White "Vilela de Acuna, Jose Luis"]
[Black "Lukacs, Peter"]
[Result "1/2-1/2"]
[WhiteElo "2410"]
[BlackElo "2460"]
[EventDate "1986.05.20"]
[PlyCount "28"]

1.c4 Nf6 2.Nc3 e6 3.Nf3 d5 4.d4 Be7 5.Bg5 O-O 6.e3 Nbd7 7.Rc1 c6 8.Bd3 
dxc4 9.Bxc4 Nd5 10.Bxe7 Qxe7 11.Ne4 N5f6 12.Ng3 Qb4+ 13.Qd2 Qxd2+ 14.Kxd2 
Rd8 1/2-1/2

[Event "21st Capablanca Memorial group B"]
[Site "Havana CUB"]
[Date "1986.06.04"]
[Round "13"]
[White "Lukacs, Peter"]
[Black "Otero, Evelio"]
[Result "1-0"]
[WhiteElo "2460"]
[BlackElo "2390"]
[EventDate "1986.05.20"]
[PlyCount "85"]

1.d4 Nf6 2.c4 c5 3.d5 g6 4.Nc3 Bg7 5.e4 d6 6.Nf3 O-O 7.Bd3 e6 8.O-O exd5 
9.exd5 Bg4 10.h3 Bxf3 11.Qxf3 Nbd7 12.Qd1 Ne8 13.Bd2 Qh4 14.f4 f5 15.Qf3 
Nc7 16.Rae1 Rae8 17.Kh2 Kh8 18.g3 Qf6 19.Rxe8 Rxe8 20.Re1 Rxe1 21.Bxe1 Qf8
22.Kg2 Qe7 23.Bd2 Qf7 24.b3 b6 25.g4 Qf6 26.Qe2 Qf7 27.Qf3 Kg8 28.Ne2 fxg4
29.hxg4 g5 30.Qe4 Bh8 31.fxg5 Ne5 32.Bc2 Qg6 33.Qf5 Qf7 34.Ng3 Ng6 35.Qc8+
Ne8 36.Nf5 Kf8 37.b4 Bd4 38.Ba4 Nh4+ 39.Kf1 Nxf5 40.gxf5 Qe7 41.Qxe8+ Qxe8
42.Bxe8 Kxe8 43.b5 1-0

[Event "21st Capablanca Memorial group B"]
[Site "Havana CUB"]
[Date "1986.06.04"]
[Round "13"]
[White "Pinal Borges, Nelson"]
[Black "Moran Nuque, Bernardo"]
[Result "1/2-1/2"]
[WhiteElo "2390"]
[BlackElo "2420"]
[EventDate "1986.05.20"]
[PlyCount "22"]

1.e4 e6 2.d4 d5 3.Nd2 Nf6 4.e5 Nfd7 5.c3 c5 6.Ngf3 Nc6 7.Bd3 cxd4 8.cxd4 
f6 9.exf6 Nxf6 10.O-O Bd6 11.Re1 O-O 1/2-1/2